| 000 | 01315nac a22003011u 4500 | ||
|---|---|---|---|
| 010 | _a 2005004308 | ||
| 020 | _a0199266158 | ||
| 020 | _a9780199266159 | ||
| 082 | 0 | 0 |
_a658.4012 _bMEL |
| 090 |
_c8616 _d8616 |
||
| 100 | _aMellahi, Kamel. | ||
| 245 | 1 | 0 |
_aGlobal strategic management / _cKamel Mellahi, Jedrzej George Frynas, Paul Finlay. |
| 260 |
_aOxford ; _aNew York : _bOxford University Press,c2005. _cc2005. |
||
| 300 |
_axix, 395 p. : _bill. ; _c25 cm. |
||
| 500 | _aDistributer: Baccah. | ||
| 511 | _aCatalogued By: Mahitab. | ||
| 650 | 0 |
_aInternational business enterprises _xManagement. |
|
| 650 | 0 |
_aInternational business enterprises _vCase studies. |
|
| 650 | 0 | _aStrategic planning. | |
| 650 | 0 | _aInternational economic relations. | |
| 700 | 1 | _aFrynas, Jedrzej George. | |
| 700 | 1 | _aFinlay, Paul N. | |
| 856 | 4 | 1 |
_3Table of contents only _uhttp://www.loc.gov/catdir/toc/ecip058/2005004308.html |
| 856 | 4 | 1 |
_3Publisher description _uhttp://www.loc.gov/catdir/enhancements/fy0637/2005004308-d.html |
| 856 | 4 | 1 |
_3Contributor biographical information _uhttp://www.loc.gov/catdir/enhancements/fy0724/2005004308-b.html |
| 942 |
_cBB _k658.4012MEL |
||
| 999 |
_c8616 _d8616 |
||